000 01724cam a22004094i 4500
003 PE-LiUPU
005 20250731183332.0
008 150617s1988 sp a r 000 0 spa d
020 _a8427012187
020 _a9788427012189
035 _a(Sirsi) i9788427012189
040 _aPE-LiUPU
_bspa
_cPE-LiUPU
_erda
049 _aPRUA
082 0 4 _a796.3
_bK74
_221
100 1 _aKonopka, Peter,
_eautor.
245 1 3 _aLa alimentación del deportista /
_cPeter Konopka.
264 1 _aBarcelona :
_bMartínez Roca,
_c1988.
300 _a198 páginas :
_bilustraciones ;
_c21 centímetros
336 _atext
_2rdacontent
337 _aunmediated
_2rdamedia
338 _avolume
_2rdacarrier
504 _aBibliografía: páginas 191-194.
505 0 _aEl significado de la alimentación -- Los fundamentos de la alimentación en el deporte -- La alimentación completa y equilibrada -- Digestión y rendimiento -- La estrategia alimentaria en la práctica -- Líneas directrices para la alimentación en las diferentes modalidades deportivas -- Preguntas y problema especiales.
526 _aP158
526 _aP146
526 _aP17
526 _aP12
526 _aP06
650 1 4 _aDeportistas
_xAlimentación.
910 _ajck
_bjvq
_cjck
_d20150616
942 _2ddc
_cBOOK
949 _a796.3 K74
_wDEWEY
_c1
_i33086
_lCCODEBUL1
_mBUL
_r0
_sY
_tBOOK
_u2015-6-17
_xEDUCACION
_PP31
_0COMPRA
_o.STAFF. Colección General
994 _aC0
_bPEPRU
596 _a1
999 _a796.3 K74
_wDEWEY
_c5254
_i33086
_e2017-4-28
_f2021-11-9
_g6
_lCCODEBUL1
_mBUL
_n1
_p18.00
_r0
_sY
_tBOOK
_u2015-6-17
_xEDUCACION
_PP31
_0COMPRA
_o.STAFF. Colección General
_d5254
980 _81
_gALBERTO SANCHEZ Responsable de Automatización